000 00401nam a2200145Ia 4500
008 221007s9999 xx 000 0 und d
041 _aeng
082 _bBAN
100 _aBandal L V (2k71007)
_9102298
245 4 _aThe Study of Relation Between Employees Performance and Customer Satisfaction
260 _c2009
_bPune University
_aPune
300 _a148p
520 _aKetkar L
906 _bGeneral
999 _c69460
_d69460